000
00311nam a2200133Ia 4500
005
20260328104304.0
008
260328s9999||||xx |||||||||||||| ||und||
100
_a
Smith, Adam
245
0
_a
Riqueza de las Naciones /
_c
Adam Smith
260
_b
Orbis
300
_a
441 p.
650
_a
ECONOMIA
942
_c
BK
999
_c
10699
_d
10699